Οι Αλβανοί κατά την κυρίως Ελλάδα και την Πελοπόννησον : Υδρα-Σπέτσαι

Αποθηκεύτηκε σε:
Λεπτομέρειες βιβλιογραφικής εγγραφής
Κύριος συγγραφέας: Λαμπρυνίδης, Μιχαήλ Γ.
Μορφή: Βιβλίο
Γλώσσα:Greek
Δημοσίευση: Αθήνα : Βιβλιοπωλείο Διονυσίου Νότη Καραβία, 1987
Σειρά:Βιβλιοθήκη ιστορικών μελετών ; ; 213
Θέματα:
Ετικέτες: Προσθήκη ετικέτας
Δεν υπάρχουν, Καταχωρήστε ετικέτα πρώτοι!

MARC

LEADER 00000nam a2200000 i 4500
001 1/97375
008 950215s gre d
020 |a 960-258-024-0 
035 |l 10010533 
040 |a GR-MY-UA  |b gre  |e aacr 
041 0 |a gre 
082 0 |a 306.08989 
100 1 |a Λαμπρυνίδης, Μιχαήλ Γ. 
245 1 3 |a Οι Αλβανοί κατά την κυρίως Ελλάδα και την Πελοπόννησον :  |b Υδρα-Σπέτσαι /  |c Μιχαήλ Γ. Λαμπρυνίδου ; Εισαγωγικό σημείωμα επανέκδοσης Δημήτρη Λιθοξόου 
260 |a Αθήνα :   |b Βιβλιοπωλείο Διονυσίου Νότη Καραβία,   |c 1987 
300 |a 88 σ. 
490 1 |a Βιβλιοθήκη ιστορικών μελετών  |v ; 213 
500 |a Εν Αθήναις τυπογραφειον "Εστία", 1907 
650 0 0 |a Albanians  |z Greece. 
650 0 0 |a Albanians  |x History. 
830 0 |a Βιβλιοθήκη ιστορικών μελετών ;  |v ; 213 
852 |a INST  |b LESVOS  |e 19950215  |h 306.08989 ΛΑΜ  |p 005100002937  |q 005100002937  |t BK  |y 0 
852 |a INST  |b LESVOS  |e 19961031  |h 306.08989 ΛΑΜ  |p 005100012678  |q 005100012678  |t BK  |y 0 
909 |a Λ  |b 027948 
922 |a 1ΕΛΗ  |b 199308  |c ΠΠ/3172